| 000 | 00769nam a22002057a 4500 | ||
|---|---|---|---|
| 999 |
_c17320 _d17320 |
||
| 003 | AR-CdUCM | ||
| 008 | 190508b ||||| |||| 00| 0 spa d | ||
| 040 |
_aMUNICIPALIDAD PROVINCIAL DEL CUSCO _cBIBLIOTECA MUNICIPAL DEL CUSCO |
||
| 082 |
_a129.66 / _bO77 |
||
| 100 |
_aOrtega y Gasset, José _95772 |
||
| 245 | _aEstudios sobre el amor / | ||
| 260 |
_aMadrid : _bEds. de la Revista de Occidente, _c1939. |
||
| 300 |
_a220 paginas ; _c18 cm. |
||
| 440 |
_aEl Arquero _95773 |
||
| 505 | _aContenido :Epilogo al libro de Francesca a Beatrice --Para una psicología del hombre interesante --Facciones del amor --Amor en Stendhal --La elección en amor ... | ||
| 650 |
_aAmor _9905 |
||
| 650 |
_aPsicología _91538 |
||
| 942 |
_2ddc _cLIBROS |
||
| 945 |
_arjall _d2019-05-08 |
||